Catálogo - Centro de Recursos para el Aprendizaje y la Investigación

Volver al Sitio - CRAI Biblioteca

Biblioteca básica para el Oficial del Estado Civil / (Registro nro. 113657)

Detalles MARC
000 -CABECERA
campo de control de longitud fija 01942nam a2200373 4500
001 - NÚMERO DE CONTROL
campo de control 113657
003 - IDENTIFICADOR DEL NÚMERO DE CONTROL
campo de control DR-UNIBE
005 - FECHA Y HORA DE LA ÚLTIMA TRANSACCIÓN
campo de control 20250521105550.0
008 - DATOS DE LONGITUD FIJA--INFORMACIÓN GENERAL
campo de control de longitud fija 250521b2012 dr ||||| |||| 00| 0 spa d
020 ## - NÚMERO INTERNACIONAL ESTÁNDAR DEL LIBRO
Número Internacional Estándar del Libro 9789945470154 (tomo 1)
020 ## - NÚMERO INTERNACIONAL ESTÁNDAR DEL LIBRO
Número Internacional Estándar del Libro 9789945470161 (tomo 2)
020 ## - NÚMERO INTERNACIONAL ESTÁNDAR DEL LIBRO
Número Internacional Estándar del Libro 9789945470178 (tomo 3)
020 ## - NÚMERO INTERNACIONAL ESTÁNDAR DEL LIBRO
Número Internacional Estándar del Libro 9789945470185 (tomo 4)
040 ## - FUENTE DE LA CATALOGACIÓN
Centro catalogador/agencia de origen BIBLIOTECA UNIBE
Lengua de catalogación spa
Centro/agencia transcriptor BIBLIOTECA UNIBE
041 ## - CÓDIGO DE LENGUA
Código de lengua del texto/banda sonora o título independiente spa
082 ## - NÚMERO DE LA CLASIFICACIÓN DECIMAL DEWEY
Número de edición 22
Número de clasificación RD 347.7293016 C348b
100 1# - ENTRADA PRINCIPAL--NOMBRE DE PERSONA
Nombre de persona Castellanos Estrella, Víctor José
Término indicativo de función/relación autor
-- compilador
9 (RLIN) 29257
245 10 - MENCIÓN DE TÍTULO
Título Biblioteca básica para el Oficial del Estado Civil /
Mención de responsabilidad, etc. Víctor José Castellanos Estrella
260 ## - PUBLICACIÓN, DISTRIBUCIÓN, ETC.
Lugar de publicación, distribución, etc. Santo Domingo :
Nombre del editor, distribuidor, etc. Junta Central Electoral. Escuela de Formación Electoral y del Estado Civil,
Fecha de publicación, distribución, etc. 2012
300 ## - DESCRIPCIÓN FÍSICA
Extensión 6 volúmenes :
Otras características físicas ilustraciones ;
Dimensiones 28 cm
500 ## - NOTA GENERAL
Nota general Los tres primeros tomos: "Lecciones teóricas de derecho de la competencia del Oficial del Estado Civil", corresponden a la parte de consulta teórica de las distintas funciones que le corresponden al Oficial del Estado Civil. El tomo 4 "Procedimientos" trata de organización y creación de flujos correspondientes para las funciones que tienen que ser rendidas como oficial público.<br/>En Biblioteca tenemos los 4 primeros volúmenes.
650 #7 - PUNTO DE ACCESO ADICIONAL DE MATERIA--TÉRMINO DE MATERIA
Fuente del encabezamiento o término lemb
Término de materia o nombre geográfico como elemento de entrada Función judicial
Subdivisión geográfica República Dominicana
9 (RLIN) 195800
650 #7 - PUNTO DE ACCESO ADICIONAL DE MATERIA--TÉRMINO DE MATERIA
Fuente del encabezamiento o término lemb
Término de materia o nombre geográfico como elemento de entrada Jueces
Subdivisión geográfica República Dominicana
9 (RLIN) 5181
650 #7 - PUNTO DE ACCESO ADICIONAL DE MATERIA--TÉRMINO DE MATERIA
Fuente del encabezamiento o término lemb
Término de materia o nombre geográfico como elemento de entrada Competencia (Derecho)
9 (RLIN) 7265
650 #7 - PUNTO DE ACCESO ADICIONAL DE MATERIA--TÉRMINO DE MATERIA
Fuente del encabezamiento o término lemb
Término de materia o nombre geográfico como elemento de entrada Registro civil
Subdivisión geográfica República Dominicana
9 (RLIN) 3540
650 #7 - PUNTO DE ACCESO ADICIONAL DE MATERIA--TÉRMINO DE MATERIA
Fuente del encabezamiento o término lemb
Término de materia o nombre geográfico como elemento de entrada Registros públicos
Subdivisión geográfica República Dominicana
9 (RLIN) 2569
700 1# - PUNTO DE ACCESO ADICIONAL--NOMBRE DE PERSONA
Nombre de persona Paulino, Nurys
Término indicativo de función/relación editor
9 (RLIN) 144912
700 1# - PUNTO DE ACCESO ADICIONAL--NOMBRE DE PERSONA
Nombre de persona Sánchez, Mario
Término indicativo de función/relación corrector
9 (RLIN) 195790
700 1# - PUNTO DE ACCESO ADICIONAL--NOMBRE DE PERSONA
Nombre de persona Alcántara, Mercedes
Término indicativo de función/relación corrector
9 (RLIN) 195791
700 1# - PUNTO DE ACCESO ADICIONAL--NOMBRE DE PERSONA
Nombre de persona Ramírez, Ivanna
Término indicativo de función/relación corrector
9 (RLIN) 195792
700 1# - PUNTO DE ACCESO ADICIONAL--NOMBRE DE PERSONA
Nombre de persona Rosario Márquez, Roberto
Término indicativo de función/relación prologuista
9 (RLIN) 49598
700 1# - PUNTO DE ACCESO ADICIONAL--NOMBRE DE PERSONA
Nombre de persona Rosa, Marcel
Término indicativo de función/relación diseño de portada y diagramación
9 (RLIN) 180798
942 ## - ELEMENTOS DE PUNTO DE ACCESO ADICIONAL (KOHA)
Fuente del sistema de clasificación o colocación Sistema de Clasificación Decimal Dewey
Tipo de ítem Koha Libro (general)
Existencias
Estado de retiro Estado de pérdida Fuente del sistema de clasificación o colocación No para préstamo Código de colección Localización permanente Fecha de adquisición Total de préstamos Signatura topográfica completa Código de barras Fecha visto por última vez Número de copia Precio válido a partir de Tipo de ítem Koha
  Disponible Sistema de Clasificación Decimal Dewey   General - Libros dominicanos Biblioteca Central UNIBE 21/03/2025   RD 347.7293016 C348b 250508 21/05/2025 Vol. 1 Ej. 1 21/05/2025 Libro (general)
  Disponible Sistema de Clasificación Decimal Dewey   General - Libros dominicanos Biblioteca Central UNIBE 21/03/2025   RD 347.7293016 C348b 250509 21/05/2025 Vol. 2, Ej. 1 21/05/2025 Libro (general)
  Disponible Sistema de Clasificación Decimal Dewey   General - Libros dominicanos Biblioteca Central UNIBE 21/03/2025   RD 347.7293016 C348b 250510 21/05/2025 Vol. 3, Ej. 1 21/05/2025 Libro (general)
  Disponible Sistema de Clasificación Decimal Dewey   General - Libros dominicanos Biblioteca Central UNIBE 21/03/2025   RD 347.7293016 C348b 250511 21/05/2025 Vol. 4, Ej. 1 21/05/2025 Libro (general)